Score 0/29 Timer 01:30
0 Plays Today
% Correct
♪ I
91.9%
I
91.9%
the
83.8%
show,
83.8%
show,
83.8%
It's
82.4%
it's
82.4%
a
81.1%
Miley
79.7%
Cyrus
79.7%
Miley
79.7%
Cyrus!
79.7%
and
78.4%
and
78.4%
I'm
74.3%
% Correct
to
68.9%
cool,
68.9%
cool! ♪
68.9%
pretty
67.6%
pretty
67.6%
go!
64.9%
So
63.5%
got
62.2%
ready
60.8%
that's
59.5%
me,
55.4%
guests,
55.4%
guess
55.4%
with
52.7%
Remove Ads.
Support Sporcle.
Get the best of Sporcle when you Go Orange. This ad-free experience offers more features, more stats, and more fun while also helping to support Sporcle. Thank you for becoming a member.

You're not logged in!

Compare scores with friends on all Sporcle quizzes.
OR
Log In

Show Comments

Extras

Created Oct 2, 2013SourceReportNominate
Tags:Show Quiz, Cyrus, intro, Miley, snl

Top Quizzes Today


Score Distribution

Your Account Isn't Verified!

In order to create a playlist on Sporcle, you need to verify the email address you used during registration. Go to your Sporcle Settings to finish the process.

Report this User

Report this user for behavior that violates our Community Guidelines.

Details: